[Event "AUTO-MASTER-1807"]
[Site "http://www.queenalice.com/game.php?id=1144511"]
[Date "2013.1.24"]
[Round "1"]
[White "Kasparico"]
[Black "Try_Me"]
[Result "1-0"]
[WhiteElo "2229"]
[BlackElo "2165"]

1. Nf3 d6 2. g3 g6 3. Bg2 Bg7 4. O-O Nf6 5. d3 O-O 6. Nbd2 c6 7. e4 Nbd7 8. d4
e5 9. dxe5 Nxe5 10. Nxe5 dxe5 11. c3 Bg4 12. Qc2 Qc7 13. Nc4 Nh5 14. Be3 b5 15.
Nd2 Rfd8 16. Nb3 Bf8 17. Nc5 a5 18. f3 Bc8 19. Rfd1 Bxc5 20. Bxc5 Be6 21. Bf1 a4
22. c4 b4 23. Rxd8+ Qxd8 24. Rd1 Qa5 25. Qf2 Nf6 26. Bb6 Qa6 27. Bd8 Ne8 28. Qc5
Qa7 29. Bb6 Qa6 30. Qxb4 Qb7 31. a3 c5 32. Bxc5 Rb8 33. Qxb7 Rxb7 34. Rd8 Bd7
35. Bd6 f6 36. c5 Kg7 37. Ba6 Ra7 38. Bc4 h5 39. Bb8 1-0

[Event "AUTO-MASTER-1835"]
[Site "http://www.queenalice.com/game.php?id=1159986"]
[Date "2013.3.11"]
[Round "1"]
[White "Kasparico"]
[Black "BobGomes"]
[Result "1-0"]
[WhiteElo "2256"]
[BlackElo "1973"]

1. Nf3 d5 2. g3 Nf6 3. Bg2 c6 4. O-O Bf5 5. d3 e6 6. Nbd2 h6 7. Re1 Bc5 8. c3
Nbd7 9. e4 dxe4 10. dxe4 Bh7 11. Qe2 O-O 12. a4 a5 13. Nd4 Ne5 14. N2b3 Bb6 15.
Bf4 Ng6 16. Be3 Qc7 17. Nd2 Rad8 18. Nc4 Bc5 19. Nxe6 fxe6 20. Bxc5 Rfe8 21. Bb6
Qc8 22. Bxd8 Qxd8 23. Qe3 Nd7 24. Red1 Qc7 25. Qa7 Nf6 26. Qxa5 Qxa5 27. Nxa5
Re7 28. Rd8+ Nf8 29. Rb8 Nxe4 30. Nxb7 Rc7 31. a5 Kf7 32. a6 Nd7 33. a7 1-0

[Event "AUTO-MASTER-1835"]
[Site "http://www.queenalice.com/game.php?id=1159987"]
[Date "2013.3.11"]
[Round "1"]
[White "BobGomes"]
[Black "Kasparico"]
[Result "0-1"]
[WhiteElo "1979"]
[BlackElo "2239"]

1. d4 Nf6 2. c4 e6 3. Nf3 Bb4+ 4. Bd2 c5 5. Bxb4 cxb4 6. e3 O-O 7. Bd3 d6 8. O-O
Nc6 9. Nbd2 b6 10. Nb3 h6 11. c5 dxc5 12. dxc5 Qc7 13. cxb6 Qxb6 14. Rc1 Rd8 15.
Qc2 Bb7 16. Nc5 Rac8 17. Nxb7 Qxb7 18. Qa4 Rxd3 19. Rc4 Nd7 20. Qc2 Rd5 21. Rc1
Nb6 22. Rh4 Ne5 23. Qb1 Rxc1+ 24. Qxc1 Qc6 25. Qb1 Rc5 0-1

[Event "AUTO-MASTER-1835"]
[Site "http://www.queenalice.com/game.php?id=1159988"]
[Date "2013.3.11"]
[Round "1"]
[White "Kasparico"]
[Black "lrmaster"]
[Result "1-0"]
[WhiteElo "2243"]
[BlackElo "2219"]

1. Nf3 d5 2. g3 Nc6 3. Bg2 Nf6 4. O-O e6 5. d3 Bd6 6. Nbd2 O-O 7. e4 dxe4 8.
dxe4 e5 9. c3 Re8 10. Qe2 a6 11. Nc4 b5 12. Nxd6 cxd6 13. Bg5 h6 14. Bxf6 Qxf6
15. a4 bxa4 16. Rxa4 Bb7 17. Qc2 Qe7 18. Rfa1 a5 19. Nd2 Qc7 20. Nc4 Ba6 21. Ne3
Bb5 22. R4a3 Qb7 23. Nf5 Red8 24. Qb3 Qa6 25. Qd5 Bc4 26. Qxc6 1-0

[Event "AUTO-MASTER-1835"]
[Site "http://www.queenalice.com/game.php?id=1159989"]
[Date "2013.3.11"]
[Round "1"]
[White "lrmaster"]
[Black "Kasparico"]
[Result "0-1"]
[WhiteElo "2208"]
[BlackElo "2260"]

1. e4 c5 2. Nf3 e6 3. d3 Nc6 4. Be2 g6 5. O-O Bg7 6. c3 e5 7. a3 d6 8. h3 Bd7 9.
Be3 Nf6 10. c4 a5 11. Nc3 Nd4 12. Rb1 a4 13. Nd2 Bc6 14. f4 Bh6 15. Nd5 Bxd5 16.
cxd5 exf4 17. Bxf4 Bxf4 18. Rxf4 Nd7 19. Rf1 Ne5 20. Nf3 Nexf3+ 21. Bxf3 O-O 22.
Qe1 f5 23. Bd1 fxe4 24. dxe4 Qg5 25. Rxf8+ Rxf8 26. Kh1 b5 27. b3 axb3 28. Bxb3
Nf3 29. Qc3 Qg3 0-1

[Event "AUTO-MASTER-1835"]
[Site "http://www.queenalice.com/game.php?id=1159990"]
[Date "2013.3.11"]
[Round "1"]
[White "Kasparico"]
[Black "FPM"]
[Result "1-0"]
[WhiteElo "2254"]
[BlackElo "1929"]

1. Nf3 d5 2. g3 e5 3. Nxe5 d4 4. Bg2 Bd6 5. Nf3 c5 6. c3 dxc3 7. dxc3 Nf6 8. O-O
h6 9. e4 Nh7 10. Nbd2 Nd7 11. Nc4 Bc7 12. Nd6+ Kf8 13. Nxc8 Qxc8 14. Bh3 Ke7 15.
Nh4 Re8 16. Nf5+ Kf8 17. Nxg7 Kxg7 18. Bxd7 Qd8 19. Qg4+ Kh8 20. Bxe8 Qxe8 21.
Bxh6 Qg8 22. Qd7 Rc8 23. Rad1 Nf6 24. Qf5 Ng4 25. Bg5 Ne5 26. Bf6+ 1-0

[Event "AUTO-MASTER-1835"]
[Site "http://www.queenalice.com/game.php?id=1159991"]
[Date "2013.3.11"]
[Round "1"]
[White "FPM"]
[Black "Kasparico"]
[Result "0-1"]
[WhiteElo "1915"]
[BlackElo "2282"]

1. e4 c5 2. c3 d5 3. e5 d4 4. Nf3 Nc6 5. Qa4 Bg4 6. cxd4 Bxf3 7. gxf3 Qxd4 8.
Qxd4 Nxd4 9. Bd3 Nxf3+ 10. Ke2 Nxe5 11. Be4 O-O-O 12. b3 Nf6 13. Bg2 Nd3 14. Na3
g6 15. Nc4 Bg7 16. Rb1 Nh5 17. Bb2 Nxb2 18. Nxb2 Nf4+ 19. Kf3 Nxg2 20. Kxg2 Rxd2
21. Nc4 Rxa2 22. Rbd1 b5 23. Ne3 a5 24. Rd5 Bd4 25. Rd1 Bxe3 0-1

[Event "AUTO-ELITE-1146"]
[Site "http://www.queenalice.com/game.php?id=1174741"]
[Date "2013.4.24"]
[Round "1"]
[White "ylisavbots"]
[Black "Kasparico"]
[Result "0-1"]
[WhiteElo "2407"]
[BlackElo "2325"]

1. Nf3 c5 2. e4 e6 3. d3 g6 4. Nbd2 Bg7 5. g3 Nc6 6. Bg2 d6 7. O-O Nge7 8. c3 h6
9. Ne1 d5 10. Qc2 d4 11. Nef3 e5 12. cxd4 cxd4 13. a4 Be6 14. Nc4 Nb4 15. Qb3
Nec6 16. a5 O-O 17. Bd2 Qe7 18. Qa3 Bxc4 19. dxc4 Rfe8 20. Rfc1 Qc5 21. Ne1 Bf8
22. Bh3 Rad8 23. Nd3 Nxd3 24. Qxd3 b6 25. axb6 axb6 26. Ra4 Ra8 27. Rca1 Rxa4
28. Rxa4 Qe7 29. Bf1 Rb8 30. Qb3 Qf6 31. Kg2 h5 32. h4 Bc5 33. Bd3 Qe7 34. Kh2
Qc7 35. Qb5 Na7 36. Qa6 Nc6 37. Qb5 Na7 38. Qb3 Qe7 39. Qd1 Qd7 40. b4 Bf8 41.
Ra6 Nc8 42. Kg2 Rb7 43. f4 Ra7 44. b5 Rc7 45. f5 Qd8 46. Qf3 Kg7 47. Qf2 Be7 48.
Bc1 Qg8 49. Qd2 Qf8 50. Ra8 Kh7 51. Qf2 Qg7 52. Qf3 Kg8 53. Kh2 Bf8 54. Bd2 Be7
55. Bf1 Kh7 56. Rb8 Qg8 57. Bh3 Kg7 58. Kg2 Qd8 59. g4 Bxh4 60. fxg6 hxg4 61.
Qxg4 fxg6 62. Qe6 Qe7 63. Rxc8 Rxc8 64. Qxe7+ Bxe7 65. Bxc8 Kf6 66. Kf3 Bc5 67.
Kg4 Ke7 68. Bg5+ Kd6 69. Kf3 Kc7 0-1

[Event "AUTO-ELITE-1146"]
[Site "http://www.queenalice.com/game.php?id=1174742"]
[Date "2013.4.24"]
[Round "1"]
[White "Kasparico"]
[Black "ylisavbots"]
[Result "1-0"]
[WhiteElo "2339"]
[BlackElo "2395"]

1. Nf3 Nf6 2. g3 g6 3. Bg2 Bg7 4. O-O d5 5. d3 O-O 6. Nbd2 c5 7. Re1 Nc6 8. e4
dxe4 9. dxe4 Qc7 10. c3 e5 11. Qc2 Be6 12. Nf1 h6 13. Ne3 Rfd8 14. Bf1 a6 15. b3
b5 16. Ba3 Qb6 17. Rad1 Rac8 18. Bc1 Qb7 19. Nh4 b4 20. Rxd8+ Rxd8 21. Nc4 bxc3
22. Qxc3 Nd7 23. Nf3 Nd4 24. Bd2 Qc8 25. Rc1 Qa8 26. Nxd4 cxd4 27. Qa5 Rc8 28.
b4 Bf6 29. Bd3 Kg7 30. a3 Bg5 31. Bxg5 hxg5 32. Rc2 Bxc4 33. Rxc4 Rxc4 34. Bxc4
Qxe4 35. Qxa6 Nf6 36. Bf1 Qc2 37. Qe2 Qc1 38. Qxe5 d3 39. Kg2 d2 40. Be2 Qe1 41.
Qe3 d1=Q 42. Bxd1 Qxd1 43. Qxg5 Qb3 44. Qe3 Qd5+ 45. Qf3 Qc4 46. h3 Nd5 47. Kh2
Nc7 48. Qe3 Ne6 49. Kg2 Qd5+ 50. Qf3 Qd7 51. h4 Nd4 52. Qe4 f5 53. Qe5+ Kf7 54.
f3 Ne6 55. Qe2 Qd5 56. Qc2 f4 57. g4 Qe5 58. Qd2 Qb5 59. Qd1 Qc4 60. Qd2 Qb3 61.
Qd7+ Kf6 62. g5+ Ke5 63. Qb5+ Kd4 64. Qb6+ Kd3 65. Qb5+ Kd2 66. Qe5 Qe3 67. Qb2+
Kd3 68. Qb3+ Kd4 69. Qc2 Ke5 70. Qc4 Qe1 71. Qb5+ Kd4 72. Qb6+ Kc4 73. Qf2 Qe3
74. Qf1+ Kd5 75. a4 Nd4 76. a5 Qd2+ 77. Kh1 Qxb4 78. h5 gxh5 79. g6 Qe7 80. a6
Qh4+ 81. Kg2 Qg3+ 82. Kh1 Nxf3 83. Qb5+ 1-0

[Event "AUTO-ELITE-1146"]
[Site "http://www.queenalice.com/game.php?id=1174745"]
[Date "2013.4.24"]
[Round "1"]
[White "trompmaster"]
[Black "Kasparico"]
[Result "0-1"]
[WhiteElo "2321"]
[BlackElo "2300"]

1. d4 Nf6 2. Nf3 e6 3. e3 b6 4. Bd3 Bb7 5. Nbd2 d5 6. Qe2 c5 7. b3 Be7 8. Ne5
Nbd7 9. f4 cxd4 10. exd4 O-O 11. Bb2 Rc8 12. O-O Bb4 13. c4 h6 14. Rad1 Qe7 15.
Nb1 Rfd8 16. a3 Bd6 17. Nc3 dxc4 18. bxc4 a6 19. a4 Nb8 20. Nb1 Nc6 21. Nd2 Nb4
22. Bb1 Bc6 23. a5 bxa5 24. c5 Bc7 25. Nxc6 Nxc6 26. Nc4 Rb8 27. Ne5 Nb4 28. Ba3
Qe8 29. Qf3 a4 30. Bxb4 Rxb4 31. Nc6 Rb3 32. Rd3 Rxd3 33. Bxd3 Rd5 34. Ne5 Rxd4
35. Bxa6 Nd5 36. g3 f6 37. Ng4 Qc6 38. Qe2 Bxf4 39. Rf2 Bb8 40. Bb5 Qc8 41. Ba6
Qd7 42. Bb5 Qe7 43. Ne3 Nc3 44. Qb2 Qxc5 45. Bc4 Ba7 46. Bxe6+ Kh8 47. Kg2 Qc6+
48. Rf3 Rd3 49. Bg4 Rxe3 50. Qc1 f5 51. Bh5 Re2+ 52. Kh3 Ne4 53. Rxf5 Rxh2+ 0-1

[Event "AUTO-ELITE-1146"]
[Site "http://www.queenalice.com/game.php?id=1174746"]
[Date "2013.4.24"]
[Round "1"]
[White "Kasparico"]
[Black "trompmaster"]
[Result "1-0"]
[WhiteElo "2283"]
[BlackElo "2398"]

1. Nf3 d6 2. g3 g6 3. Bg2 Bg7 4. O-O e5 5. d3 Ne7 6. c4 O-O 7. Nc3 h6 8. Bd2 f5
9. e4 f4 10. Ne2 g5 11. h3 Ng6 12. d4 h5 13. dxe5 g4 14. hxg4 hxg4 15. Nxf4 Nxf4
16. Bxf4 gxf3 17. Qd5+ Kh8 18. exd6 Bg4 19. Qxb7 fxg2 20. Kxg2 Bf3+ 21. Kxf3 Nd7
22. Qd5 Nf6 23. Rh1+ Nh7 24. Rxh7+ Kxh7 25. Rh1+ Kg6 26. Qh5+ Kf6 27. Qf5# 1-0

[Event "AUTO-MASTER-1835"]
[Site "http://www.queenalice.com/game.php?id=1187463"]
[Date "2013.6.3"]
[Round "2"]
[White "lawyerplayer"]
[Black "Kasparico"]
[Result "0-1"]
[WhiteElo "2115"]
[BlackElo "2313"]

1. d4 Nf6 2. c4 e6 3. Nf3 Bb4+ 4. Bd2 c5 5. Qc2 Bxd2+ 6. Nbxd2 cxd4 7. Nxd4 O-O
8. e4 d5 9. e5 Ng4 10. N2f3 Qa5+ 11. Qc3 Qxc3+ 12. bxc3 Nd7 13. cxd5 exd5 14. e6
fxe6 15. h3 Nge5 16. Be2 Nxf3+ 17. Bxf3 Nf6 18. O-O e5 19. Nb3 Rf7 20. Rfd1 e4
21. Be2 Rc7 22. Rac1 Be6 23. Nd4 Bd7 0-1

[Event "AUTO-MASTER-1835"]
[Site "http://www.queenalice.com/game.php?id=1187464"]
[Date "2013.6.3"]
[Round "2"]
[White "Kasparico"]
[Black "lawyerplayer"]
[Result "1-0"]
[WhiteElo "2319"]
[BlackElo "2109"]

1. Nf3 d5 2. g3 g6 3. Bg2 Bg7 4. O-O e5 5. d3 Ne7 6. e4 d4 7. c3 Nbc6 8. Qb3
dxc3 9. Nxc3 O-O 10. Bg5 h6 11. Be3 Nd4 12. Bxd4 exd4 13. Ne2 c5 14. Qa3 b6 15.
b4 Qd6 16. e5 Qc7 17. Rfc1 Nc6 18. bxc5 b5 19. Nfxd4 b4 20. Qa4 Nxd4 21. Nxd4
Bb7 22. Nb5 Qe7 23. c6 1-0

[Event "AUTO-ELITE-1215"]
[Site "http://www.queenalice.com/game.php?id=1221562"]
[Date "2013.10.2"]
[Round "1"]
[White "Kasparico"]
[Black "rsgaspar"]
[Result "0-1"]
[WhiteElo "2340"]
[BlackElo "2458"]

1. Nf3 d5 2. g3 Nc6 3. Bg2 e5 4. d3 Nf6 5. Nbd2 Bf5 6. O-O Bd6 7. Re1 O-O 8. e4
dxe4 9. dxe4 Be6 10. c3 a6 11. Qc2 Bc5 12. Nf1 Ng4 13. Ne3 Nxe3 0-1